| Tag |
First Indicator |
Second Indicator |
Subfields |
| LEADER |
00000cam a2200000 4500 |
| 001 |
in00000012890 |
| 005 |
20151007052258.0 |
| 008 |
790430s1940 enk 00010 eng |
| 010 |
|
|
|a 43003735
|
| 035 |
|
|
|a (OCoLC)04910419
|
| 035 |
|
|
|9 AAA7087AM
|
| 040 |
|
|
|a DLC
|c CLE
|d TXA
|d UtOrBLW
|
| 041 |
0 |
|
|a eng
|a egy
|
| 049 |
|
|
|a TXAM
|c [A11047680]
|
| 050 |
|
0 |
|a PJ1650
|b .G35
|
| 100 |
1 |
|
|a Gardiner, Alan H.
|q (Alan Henderson),
|d 1879-1963,
|e editor.
|
| 245 |
1 |
0 |
|a Ramesside administrative documents /
|c by Alan H. Gardiner.
|
| 264 |
|
1 |
|a London :
|b Priv. print. for the editor by P. Lund, Humphries & co. ltd.,
|c 1940.
|
| 300 |
|
|
|a 23, 23a pages ;
|c 28 cm.
|
| 336 |
|
|
|a text
|b txt
|2 rdacontent
|
| 337 |
|
|
|a unmediated
|b n
|2 rdamedia
|
| 338 |
|
|
|a volume
|b nc
|2 rdacarrier
|
| 500 |
|
|
|a Hieroglyphic text and notes paged in duplicate.
|
| 500 |
|
|
|a Contains the Amiens papyrus, the "Gurob" papyrus and other "Gurob" fragments.
|
| 650 |
|
0 |
|a Egyptian language
|v Papyri.
|
| 999 |
|
|
|a MARS
|
| 999 |
f |
f |
|s b7012742-cc90-3646-8cee-b82a2e371b89
|i f261dbde-e3ab-3e4b-9b73-8136433e7e2d
|t 0
|
| 952 |
f |
f |
|p normal
|a Texas A&M University
|b College Station
|c Sterling C. Evans Library
|d Evans: Library Stacks
|t 0
|e PJ1650 .G35
|h Library of Congress classification
|i unmediated -- volume
|m A14811047680
|
| 998 |
f |
f |
|a PJ1650 .G35
|t 0
|l Evans: Library Stacks
|